00554cam a22001572 4500001001100000005001700011008004100028020002700069040001500096100003000111245010500141260003700246300001600283650003600299650006100335000000879820151217152041.0080605s xx 000 0 eng d a0470124178 :cKES 2043 aKABUcKABU1 aWeber, Larry.@000015954710aMarketing to the social web :bhow digital customer communities build your business /c Larry Weber. aHoboken, NJ. :bJ. Wiley,c2007. aix, 230 p. 0aInternet marketing.@0000151441 0aSocial networksxComputer network resources.@0000159548